Nghiên cứu một số đặc điểm sinh học vẹm sông (Dreissena sp.) phân bố chợ Lách, Tỉnh Bến Tre : Luận văn tốt nghiệp Cao học chuyên ngành nuôi trồng Thuỷ sản

Nghiên cứu nhằm cung cấp dữ liệu làm cơ sở cho việc đề ra các biện pháp hạn chế sự đeo bám của chúng trên ốc gạo

Salvato in:
Dettagli Bibliografici
Autore principale: La, Ngọc Thạch
Natura: Libro
Lingua:Undetermined
Pubblicazione: Cần Thơ Trường Đại học Cần Thơ 2011
Soggetti:
Tags: Aggiungi Tag
Nessun Tag, puoi essere il primo ad aggiungerne! !
Thư viện lưu trữ: Trung tâm Học liệu Trường Đại học Cần Thơ
LEADER 01084nam a2200217Ia 4500
001 CTU_170873
008 210402s9999 xx 000 0 und d
082 |a 639.484 
082 |b Th102 
088 |a 606270 
100 |a La, Ngọc Thạch 
245 0 |a Nghiên cứu một số đặc điểm sinh học vẹm sông (Dreissena sp.) phân bố chợ Lách, Tỉnh Bến Tre : 
245 0 |b Luận văn tốt nghiệp Cao học chuyên ngành nuôi trồng Thuỷ sản 
245 0 |c La Ngọc Thạch ; Vũ Ngọc Út, Ngô Thị Thu Thảo (Cán bộ hướng dẫn) 
260 |a Cần Thơ 
260 |b Trường Đại học Cần Thơ 
260 |c 2011 
520 |a Nghiên cứu nhằm cung cấp dữ liệu làm cơ sở cho việc đề ra các biện pháp hạn chế sự đeo bám của chúng trên ốc gạo 
650 |a Mussels,Mollusks,Con trai,Động vật thân mềm 
904 |i Mỹ Trân, Năm 
980 |a Trung tâm Học liệu Trường Đại học Cần Thơ